| 000 | 00344nam a2200145Ia 4500 | ||
|---|---|---|---|
| 005 | 20251222142031.0 | ||
| 008 | 251222s9999||||xx |||||||||||||| ||spa|| | ||
| 020 | _a978-84-7897-931-8 | ||
| 082 | _a004.259/C48 | ||
| 100 | _aCernuda Menéndez, José Higinio | ||
| 245 | 0 | _aEl libro del PC | |
| 250 | _a2a.ed. | ||
| 264 | _bRama | ||
| 942 | _cLIB | ||
| 999 |
_c10987 _d10987 |
||